Numerical Analysis: (Record no. 2541)

MARC details
000 -LEADER
fixed length control field 00931cam a2200265 a 4500
001 - CONTROL NUMBER
control field 12504974
003 - CONTROL NUMBER IDENTIFIER
control field OSt
005 - DATE AND TIME OF LATEST TRANSACTION
control field 20191118120037.0
008 - FIXED-LENGTH DATA ELEMENTS--GENERAL INFORMATION
fixed length control field 010816s2002 caua b 001 0 eng
010 ## - LIBRARY OF CONGRESS CONTROL NUMBER
LC control number 2001043470
020 ## - INTERNATIONAL STANDARD BOOK NUMBER
International Standard Book Number 0534389058 (alk. paper)
040 ## - CATALOGING SOURCE
Original cataloging agency DLC
Transcribing agency DLC
Modifying agency DLC
050 00 - LIBRARY OF CONGRESS CALL NUMBER
Classification number QA297
Item number .K563 2002
082 00 - DEWEY DECIMAL CLASSIFICATION NUMBER
Classification number 518
Edition number 21
Item number KIN 2002
100 1# - MAIN ENTRY--PERSONAL NAME
Personal name Kincaid, David; Cheney, E. W.;
9 (RLIN) 6128
245 10 - TITLE STATEMENT
Title Numerical Analysis:
Remainder of title mathematics of scientific computing
250 ## - EDITION STATEMENT
Edition statement 3rd ed.
260 ## - PUBLICATION, DISTRIBUTION, ETC. (IMPRINT)
Place of publication, distribution, etc. Pacific Grove, CA :
Name of publisher, distributor, etc. Brooks/Cole,
Date of publication, distribution, etc. 2002.
300 ## - PHYSICAL DESCRIPTION
Extent xiv, 788 p. :
Other physical details ill. ;
Dimensions 25 cm.
504 ## - BIBLIOGRAPHY, ETC. NOTE
Bibliography, etc Includes bibliographical references (p. 745-769) and index.
650 #0 - SUBJECT ADDED ENTRY--TOPICAL TERM
Topical term or geographic name as entry element Numerical analysis.
9 (RLIN) 3742
906 ## - LOCAL DATA ELEMENT F, LDF (RLIN)
a 7
b cbc
c orignew
d 1
e ocip
f 20
g y-gencatlg
942 ## - ADDED ENTRY ELEMENTS (KOHA)
Source of classification or shelving scheme Dewey Decimal Classification
Koha item type Short Loan
Holdings
Withdrawn status Lost status Source of classification or shelving scheme Damaged status Not for loan Home library Current library Date acquired Inventory number Total Checkouts Full call number Barcode Date last seen Price effective from Koha item type
    Dewey Decimal Classification     MUST Main Library MUST Main Library 12/11/2015 2007/29234   518 KIN 2002 2015-2588 12/11/2015 12/11/2015 Short Loan